LEADER 02231nam0 2200505 i 450 001 RAV0001963 005 20231121125622.0 010 $a8806064789 010 $a9788806064785 020 $aIT$b642236 100 $a20050207d1964 ||||0itac50 ba 101 | $aita$crus 102 $ait 181 1$6z01$ai $bxxxe 182 1$6z01$an 200 1 $aTre sorelle$fAnton Cechov$gprefazione e traduzione di Gerardo Guerrieri 210 $aTorino$cG. Einaudi$d1964 215 $a93 p.$d19 cm. 225 | $aCollezione di teatro$v40 410 0$1001CFI0001375$12001 $aCollezione di teatro$v40 500 10$aTri sestry$3CFI0080020$9CFIV006477$938130 700 1$a?ehov$b, Anton Pavlovi?$3CFIV006477$4070$027405 702 1$aGuerrieri$b, Gerardo$3CFIV037868 790 1$aChekhov$b, Anton Pavlovich$3AQ1V000196$z?ehov, Anton Pavlovi? 790 1$aCechov$b, Anton P.$3BVEV003313$z?ehov, Anton Pavlovi? 790 1$aTchekhof$b, Anton$3BVEV267644$z?ehov, Anton Pavlovi? 790 1$aCecof$b, Anton$3BVEV267906$z?ehov, Anton Pavlovi? 790 1$aCècov$b, Anton$3BVEV268865$z?ehov, Anton Pavlovi? 790 1$a?echov$b, Anton$3CFIV006480$z?ehov, Anton Pavlovi? 790 1$a?echov$b, Anton Pavlovi?$3CFIV056318$z?ehov, Anton Pavlovi? 790 1$aChejov$b, Anton Pavlovich$3CFIV241718$z?ehov, Anton Pavlovi? 790 1$aTschechoff$b, Anton$3LIGV035939$z?ehov, Anton Pavlovi? 790 1$aTschechow$b, Anton$3RMLV034873$z?ehov, Anton Pavlovi? 790 1$aCecov$b, Anton Pavlovic$3RMRV009110$z?ehov, Anton Pavlovi? 790 1$aTchekhov$b, Anton$3UFIV121672$z?ehov, Anton Pavlovi? 801 3$aIT$bIT-01$c20050207 850 $aIT-RM028 $aIT-RM0289 $aIT-FR0017 899 $aBiblioteca Universitaria Alessandrina$bRM028 899 $aBiblioteca Statale A. Baldini$bRM0289 899 $aBiblioteca umanistica Giorgio Aprea$bFR0017 $eN 912 $aRAV0001963 950 0$aBiblioteca umanistica Giorgio Aprea$d 52MAG 1/1103$e 52LLC0000021725 VMN RS $fA $h20130528$i20130528 977 $a 01$a 04$a 52 996 $aTri sestry$938130 997 $aUNICAS